[Event "GER-ch Seniors 22nd"]
[Site "Berlin"]
[Date "2010.08.21"]
[Round "6"]
[White "Vossen, Leo"]
[Black "Clemens, Christian"]
[Result "0-1"]
[WhiteElo "1874"]
[BlackElo "2274"]
[PlyCount "46"]
[EventDate "2010.08.16"]
[EventType "swiss"]
[EventRounds "9"]
[EventCountry "GER"]
[SourceTitle "CBM 138 Extra"]
[Source "ChessBase"]
[SourceDate "2010.10.29"]
[SourceVersion "1"]
[SourceVersionDate "2010.10.29"]
[SourceQuality "1"]

1. e4 Nf6 2. e5 Nd5 3. d4 d6 4. Nf3 dxe5 5. dxe5 Bg4 6. Bc4 e6 7. 0-0 Nc6 8. Bb5 Bc5 9. h3 Bh5 10. g4 Bg6 11. Bg5 Be7 12. Bxe7 Qxe7 13. Qd2 h5 14. Nc3 Rd8 15. Rad1 hxg4 16. hxg4 Qb4 17. Qd4 Qxb5 18. Nxb5 Nxd4 19. Rxd4 a6 20. Na3 Ke7 21. c3 c5 22. Rd2 Be4 23. Nh2 Nxc3 0-1

[Event "GER-ch Seniors 22nd"]
[Site "Berlin"]
[Date "2010.08.16"]
[Round "1"]
[White "Junghaenel, Dieter"]
[Black "Vossen, Leo"]
[Result "1/2-1/2"]
[WhiteElo "1523"]
[BlackElo "1874"]
[PlyCount "49"]
[EventDate "2010.08.16"]
[EventType "swiss"]
[EventRounds "9"]
[EventCountry "GER"]
[SourceTitle "CBM 138 Extra"]
[Source "ChessBase"]
[SourceDate "2010.10.29"]
[SourceVersion "1"]
[SourceVersionDate "2010.10.29"]
[SourceQuality "1"]

1. Nf3 Nf6 2. e3 c5 3. d3 d5 4. Be2 Nc6 5. Nbd2 g6 6. b3 Bg7 7. Bb2 0-0 8. Ne5 Bd7 9. Nxc6 Bxc6 10. Rb1 Qa5 11. Qc1 d4 12. 0-0 Nd5 13. Nc4 Qc7 14. e4 Nf4 15. Qe1 b5 16. Nd2 Nxe2+ 17. Qxe2 e5 18. Rbd1 f5 19. f3 Bh6 20. Bc1 Be3+ 21. Kh1 f4 22. Nb1 Bxc1 23. Rxc1 b4 24. a3 a5 25. a4 1/2-1/2

[Event "NRW-ch Seniors 16th"]
[Site "Hattingen"]
[Date "2005.05.23"]
[Round "3"]
[White "Kotzem, Ernst"]
[Black "Vossen, Leo"]
[Result "1/2-1/2"]
[WhiteElo "1940"]
[BlackElo "1835"]
[PlyCount "59"]
[EventDate "2005.05.21"]
[EventType "swiss"]
[EventRounds "9"]
[EventCountry "GER"]
[SourceTitle "EXT 2007"]
[Source "ChessBase"]
[SourceDate "2006.11.23"]
[SourceVersion "1"]
[SourceVersionDate "2006.11.23"]
[SourceQuality "1"]

1. e4 c5 2. Nf3 Nc6 3. Bb5 g6 4. 0-0 Bg7 5. Re1 d6 6. h3 Bd7 7. c3 e5 8. d4 cxd4 9. Bxc6 Bxc6 10. cxd4 exd4 11. Nxd4 Ne7 12. Nc3 0-0 13. Bg5 h6 14. Be3 d5 15. Nxc6 bxc6 16. Bd4 dxe4 17. Bxg7 Kxg7 18. Rxe4 Re8 19. Qa4 Nd5 20. Rxe8 Qxe8 21. Nxd5 cxd5 22. Qd4+ Kh7 23. Qxd5 Rd8 24. Qf3 Rd2 25. Rb1 Qe6 26. Qa3 Qe4 27. Rf1 Qd4 28. b3 Kg7 29. Qa5 Rb2 30. Qa6 1/2-1/2

[Event "Essen op04"]
[Site "Essen"]
[Date "2005.04.12"]
[Round "5"]
[White "Vossen, Leo"]
[Black "Der, Josef"]
[Result "1-0"]
[WhiteElo "1823"]
[BlackElo "1644"]
[PlyCount "43"]
[EventDate "2005.04.04"]
[EventType "swiss"]
[EventRounds "9"]
[EventCountry "GER"]
[SourceTitle "EXT 2007"]
[Source "ChessBase"]
[SourceDate "2006.11.23"]
[SourceVersion "1"]
[SourceVersionDate "2006.11.23"]
[SourceQuality "1"]

1. e4 d6 2. d4 Nf6 3. Nc3 e6 4. Nf3 Be7 5. Be3 c6 6. h3 Qa5 7. Bd3 0-0 8. 0-0 Nbd7 9. Qd2 e5 10. Nd5 Qd8 11. Nxe7+ Qxe7 12. dxe5 Nxe5 13. Nxe5 Qxe5 14. Bf4 Qe6 15. Rfe1 Qd7 16. Rad1 Rd8 17. Bxd6 Ne8 18. Bg3 c5 19. Qg5 Nf6 20. e5 h6 21. Qh4 Nd5 22. c4 1-0

[Event "Ruhrgebiet Seniors op 12th"]
[Site "Essen"]
[Date "2005.04.06"]
[Round "3"]
[White "Vossen, Leo"]
[Black "Dahlhaus, Friedhelm"]
[Result "0-1"]
[WhiteElo "1823"]
[BlackElo "2017"]
[PlyCount "70"]
[EventDate "2005.04.04"]
[EventType "swiss"]
[EventRounds "9"]
[EventCountry "GER"]
[SourceTitle "EXT 2007"]
[Source "ChessBase"]
[SourceDate "2006.11.23"]
[SourceVersion "1"]
[SourceVersionDate "2006.11.23"]
[SourceQuality "1"]

1. e4 e5 2. Nf3 Nc6 3. Bb5 Nf6 4. Nc3 Bb4 5. d3 d6 6. 0-0 0-0 7. h3 Bxc3 8. bxc3 Qe7 9. Bg5 Nd8 10. d4 Ne6 11. Bh4 Nf4 12. Re1 h6 13. Bf1 Ng6 14. Bg3 Re8 15. Bd3 Bd7 16. Nd2 b6 17. a4 a5 18. d5 Rf8 19. Rf1 Nf4 20. Bxf4 exf4 21. Qf3 Qe5 22. Rfe1 Rae8 23. Nc4 Qg5 24. e5 dxe5 25. d6 cxd6 26. Nxd6 Re6 27. Ne4 Nxe4 28. Bxe4 Kh8 29. Red1 Re7 30. Bc6 Bf5 31. Be4 Bxe4 32. Qxe4 f5 33. Qc6 e4 34. Qxb6 f3 35. g3 e3 0-1

[Event "Kaiserbrunnen Seniors op 2nd "]
[Site "Brakel"]
[Date "2004.02.20"]
[Round "1"]
[White "Vossen, Leo"]
[Black "Bernhart, Ernst"]
[Result "1-0"]
[WhiteElo "1846"]
[BlackElo "1639"]
[PlyCount "67"]
[EventDate "2004.02.20"]
[EventType "swiss"]
[EventRounds "9"]
[EventCountry "GER"]
[SourceTitle "EXT 2006"]
[Source "ChessBase"]
[SourceDate "2005.11.24"]
[SourceVersion "1"]
[SourceVersionDate "2005.11.24"]
[SourceQuality "1"]

1. e4 e6 2. d4 d5 3. Nc3 Nf6 4. Bg5 Be7 5. e5 Nfd7 6. Bxe7 Qxe7 7. f4 g6 8. Nf3 a6 9. Qd2 c5 10. dxc5 Nxc5 11. 0-0-0 Bd7 12. g4 b5 13. b4 Nb7 14. a3 Nc6 15. Nd4 Rc8 16. Nxc6 Rxc6 17. Ne2 0-0 18. Nd4 Rc7 19. h4 Rfc8 20. Kb2 Nd8 21. h5 Be8 22. hxg6 fxg6 23. Bd3 Nc6 24. Nf3 Qf8 25. c3 Nd8 26. Rc1 Rf7 27. f5 gxf5 28. gxf5 exf5 29. Rcg1+ Kh8 30. Ng5 Re7 31. Nxh7 Rxh7 32. Rxh7+ Kxh7 33. Qh2+ Qh6 34. Bxf5+ 1-0